Geography Quiz

Random Geography or Blitz Quiz

European Country A-Z Blitz Quiz Stats

 Plays Quiz Updated Jul 14, 2016

Challenge
Share
Tweet
Embed
Score 0/19 Timer 01:00
2 Plays Today
A-Z Answer % Correct
FFrance ...
94.8%
AAustria ...
93.2%
BBelgium ...
92%
GGermany ...
89.8%
DDenmark
88.7%
IItaly ...
87.4%
SSpain...
82.4%
LLatvia ...
78.4%
CCroatia ...
78%
PPoland ...
75.9%
A-Z Answer % Correct
MMalta ...
75.6%
EEstonia
75.2%
HHungary
70.9%
RRussia ...
70.7%
NNorway ...
67.8%
UUkraine ...
66.2%
KKosovo
56.4%
VVatican City
56.3%
TTurkey
47.7%

You're not logged in!

Compare scores with friends on all Sporcle quizzes.
Join for Free
OR
Log In

You Might Also Like...

Show Comments

Extras

Top Quizzes Today


Score Distribution

Your Account Isn't Verified!

In order to create a playlist on Sporcle, you need to verify the email address you used during registration. Go to your Sporcle Settings to finish the process.

Report this User

Report this user for behavior that violates our Community Guidelines.

Details: